000 01298cam a2200325 a 4500
005 20160104091925.0
008 020424t1999 ke ab frb f001 0 eng
020 _a9966992111
040 _aDLC
_cDLC
_dDLC
_dWaU
_dCO-BoIAVH
041 _aeng
042 _alcode
043 _af-ke---
082 0 0 _a333.95816
_bB47i
100 1 _aBennun, Leon A.
245 1 0 _aImportant bird areas in Kenya /
_cLeon Bennun and Peter Njoroge.
260 _aNairobi :
_bNature Kenya, East Africa Natural History Society,
_cc1999.
300 _aiv, 318 paginas. :
_bilustraciones ., mapas ;
_c25 x 17 cm.
500 _a"A joint project of Nature Kenya ... and the Ornithology Department, National Museums of Kenya."
504 _aIncludes bibliographical references (p. 253-264) and indexes.
650 0 _aImportant bird areas
_zKenya.
650 0 _aBirds
_xConservation
_zKenya.
650 6 _aÁreas de conservación
_zKenya.
650 6 _aAves
_zKenya
700 1 _aNjoroge, Peter.
710 2 _aNature Kenya.
710 2 _aNational Museums of Kenya.
_bDepartment of Ornithology.
906 _a7
_bcbc
_corigode
_d3
_encip
_f20
_gy-gencatlg
942 _2ddc
_cLIBRO
999 _c2573
_d2573